000 00293nam a2200121Ia 4500
008 190216s9999||||xx |||||||||||||| ||und||
100 _a"Lawrence E.Kinsler Etc.,"
245 0 _aFundamentals Of Acoustics
260 _bWiley Students
_c2010
300 _a548
650 _aPhysics
942 _cBK
999 _c34489
_d34489